Most Visited Websites - Statistics

General Stats
  • This quiz has been taken 133 times
  • The average score is 15 of 43
Answer Stats
Type Answer Domain Name % Correct
Video Sharing YouTube youtube.com
96%
Social Media Facebook facebook.com
93%
Social Media Instagram instagram.com
92%
Artificial Intelligence ChatGPT chatgpt.com
86%
Dictionaries and Encyclopedias Wikipedia wikipedia.org
85%
Online Marketplace Amazon amazon.com
81%
Social Media X x.com
81%
Social Media TikTok tiktok.com
76%
News and Media Yahoo yahoo.com
73%
Streaming and TV Netflix netflix.com
65%
Live Streaming Twitch twitch.tv
62%
Search Engine Bing bing.com
58%
Social Media WhatsApp whatsapp.com
53%
Social Media Reddit reddit.com
47%
Software and Technology Microsoft microsoft.com
46%
Video Conferenceing Zoom zoom.us
43%
Weather Weather weather.com
32%
News and Media The New York Times nytimes.com
31%
Social Media Pinterest pinterest.com
27%
Search Engine Google Search google.com
25%
Social Media LinkedIn linkedin.com
25%
Question and Answer Quora quora.com
22%
Online Marketplace Temu temu.com
21%
Search Engine DuckDuckGo duckduckgo.com
19%
Messaging Telegram t.me
18%
Graphic Design Canva canva.com
17%
Search Engine Baidu baidu.com
16%
Arts and Entertainment Wiki Fandom fandom.com
13%
Artificial Intelligence DeepSeek deepseek.com
12%
Email Live live.com
8%
Electronics Samsung samsung.com
8%
Social Media Bilibili bilibili.com
7%
Social Media VK VK.com
6%
News and Media Globo globo.com
3%
Email Mail.ru mail.ru
3%
Productivity Software Microsoft 365 office.com
3%
Other Microsoft Online microsoftonline.com
3%
News and Media Naver naver.com
3%
Organization Platform SharePoint sharepoint.com
3%
News and Media Yahoo JP yahoo.co.jp
3%
News and Media Zen News dzen.ru
3%
News and Media Yahoo! News Japan news.yahoo.co.jp
2%
Gambling bet.br bet.br
1%
No matching quizzes found
Score Distribution
Percent of People with Each Score
Percentile by Number Answered
Your Score History
You have not taken this quiz